| 000 | 00708 a2200181 4500 | ||
|---|---|---|---|
| 999 |
_c4475 _d4475 |
||
| 020 | _a9780821351437 | ||
| 050 | 0 | 0 | _aLC 67.68 WOR 2002 |
| 245 | 0 | 0 |
_aConstructing knowledge societies : _bnew challenges for tertiary education. |
| 264 |
_aWashington D.C: _bThe World Bank, _c2002 |
||
| 300 |
_axxxi, 204 p. : _bill. ; |
||
| 500 | _aIncludes bibliographical references (p. 197-204). | ||
| 504 | _aIncludes bibliographical references (p. 197-204). | ||
| 650 | 0 |
_aEducation, Higher _xEconomic aspects |
|
| 650 | 0 | _aEducational assistance | |
| 710 | 2 | _aWorld Bank. | |
| 942 |
_2lcc _cBK _h67.68 _iWOR _kLC |
||